MARC details
| 000 -LEADER |
| fixed length control field |
02932cam a2200613 i 4500 |
| 001 - CONTROL NUMBER |
| control field |
y99985679884 |
| 003 - CONTROL NUMBER IDENTIFIER |
| control field |
OCoLC |
| 005 - DATE AND TIME OF LATEST TRANSACTION |
| control field |
20220304140820.0 |
| 008 - FIXED-LENGTH DATA ELEMENTS--GENERAL INFORMATION |
| fixed length control field |
200106s2020 nyua d 6 000 0aeng |
| 010 ## - LIBRARY OF CONGRESS CONTROL NUMBER |
| LC control number |
2019050647 |
| 020 ## - INTERNATIONAL STANDARD BOOK NUMBER |
| International Standard Book Number |
9780525553021 |
| Qualifying information |
hardcover |
| 020 ## - INTERNATIONAL STANDARD BOOK NUMBER |
| International Standard Book Number |
0525553029 |
| Qualifying information |
hardcover |
| 020 ## - INTERNATIONAL STANDARD BOOK NUMBER |
| Cancelled/invalid ISBN |
9780525556350 |
| Qualifying information |
electronic book |
| 020 ## - INTERNATIONAL STANDARD BOOK NUMBER |
| Cancelled/invalid ISBN |
9780525556367 |
| Qualifying information |
kindle edition |
| 035 ## - SYSTEM CONTROL NUMBER |
| System control number |
(OCoLC)1109408980 |
| Canceled/invalid control number |
(OCoLC)1151689022 |
| 040 ## - CATALOGING SOURCE |
| Original cataloging agency |
LBSOR/DLC |
| Language of cataloging |
eng |
| Description conventions |
rda |
| Transcribing agency |
DLC |
| Modifying agency |
BDX |
| -- |
TP7 |
| -- |
YDX |
| -- |
OCLCO |
| -- |
OCLCF |
| -- |
RB0 |
| -- |
NZAUC |
| -- |
TDS |
| -- |
HKHPL |
| -- |
UAP |
| -- |
SINLB |
| -- |
OCL |
| -- |
TCH |
| -- |
YDX |
| -- |
UPB |
| 042 ## - AUTHENTICATION CODE |
| Authentication code |
pcc |
| 043 ## - GEOGRAPHIC AREA CODE |
| Geographic area code |
n-us--- |
| 050 00 - LIBRARY OF CONGRESS CALL NUMBER |
| Classification number |
RC265.6.F44 |
| Item number |
A3 2020 |
| 082 00 - DEWEY DECIMAL CLASSIFICATION NUMBER |
| Classification number |
362.17/5 |
| Edition number |
23 |
| 082 04 - DEWEY DECIMAL CLASSIFICATION NUMBER |
| Classification number |
155.937 |
| Edition number |
23 |
| 092 ## - LOCALLY ASSIGNED DEWEY CALL NUMBER (OCLC) |
| Classification number |
young adult graphic |
| Item number |
Feder |
| 100 1# - MAIN ENTRY--PERSONAL NAME |
| Personal name |
Feder, Tyler, |
| Relator term |
author, |
| -- |
illustrator, |
| -- |
letterer. |
| 9 (RLIN) |
6442586 |
| 245 10 - TITLE STATEMENT |
| Title |
Dancing at the pity party : |
| Remainder of title |
a dead mom graphic memoir / |
| Statement of responsibility, etc |
by Tyler Feder. |
| 264 #1 - Production, Publication, Distribution, Manufacture, and Copyright Notice. |
| Place of production, publication, distribution, manufacture |
New York : |
| Name of producer, publisher, distributor, manufacturer |
Dial Books, |
| Date of production, publication, distribution, manufacture, or copyr |
[2020] |
| 300 ## - PHYSICAL DESCRIPTION |
| Extent |
201 pages : |
| Other physical details |
chiefly color illustrations ; |
| Dimensions |
24 cm |
| 336 ## - Content Type |
| Content type term |
text |
| 336 ## - Content Type |
| Content type term |
still image |
| 337 ## - Media type |
| Media type term |
unmediated |
| 338 ## - Carrier type |
| Carrier type term |
volume |
| 505 0# - FORMATTED CONTENTS NOTE |
| Formatted contents note |
Maw -- Uh-oh -- Compartmentalization -- The worst day -- Making arrangements -- The death circus, part 1 -- The death circus, part 2 -- The new normal -- The good, the bad, and the awkward (but mostly the bad, if we're really being honest) -- Motherless 4ever -- Afterword: A whole bunch of photos. |
| 520 ## - SUMMARY, ETC. |
| Summary, etc |
"Tyler Feder shares her story of her mother's first oncology appointment to facing reality as a motherless daughter in this frank and refreshingly funny graphic memoir."-- |
| 521 ## - TARGET AUDIENCE NOTE |
| Target audience note |
Ages 12 and up. |
| Source |
Dial Books for Young Readers. |
| 521 ## - TARGET AUDIENCE NOTE |
| Target audience note |
Grades 7-9. |
| Source |
Dial Books for Young Readers. |
| 583 ## - ACTION NOTE |
| Action |
sr |
| Action identification |
YBP |
| Time/date of action |
20201211 |
| Institution to which field applies |
UPB |
| 583 ## - ACTION NOTE |
| Action |
cat |
| Action identification |
Sampler |
| Time/date of action |
20210303 |
| Action agent |
cjk |
| Institution to which field applies |
UPB |
| 586 ## - AWARDS NOTE |
| Awards note |
Sydney Taylor Book Award Gold Medalist for Young Adults (2021). |
| 600 10 - SUBJECT ADDED ENTRY--PERSONAL NAME |
| Personal name |
Feder, Tyler |
| Form subdivision |
Comic books, strips, etc. |
| 9 (RLIN) |
6442587 |
| 600 10 - SUBJECT ADDED ENTRY--PERSONAL NAME |
| Personal name |
Feder, Tyler |
| General subdivision |
Family |
| Form subdivision |
Comic books, strips, etc. |
| 9 (RLIN) |
6442588 |
| 650 #0 - SUBJECT ADDED ENTRY--TOPICAL TERM |
| Topical term or geographic name as entry element |
Children of cancer patients |
| Geographic subdivision |
United States |
| Form subdivision |
Comic books, strips, etc. |
| 9 (RLIN) |
6442589 |
| 650 #0 - SUBJECT ADDED ENTRY--TOPICAL TERM |
| Topical term or geographic name as entry element |
Children of cancer patients |
| Geographic subdivision |
United States |
| Form subdivision |
Biography. |
| 9 (RLIN) |
6442590 |
| 650 #0 - SUBJECT ADDED ENTRY--TOPICAL TERM |
| Topical term or geographic name as entry element |
Mothers and daughters |
| Form subdivision |
Comic books, strips, etc. |
| 9 (RLIN) |
6371547 |
| 650 #0 - SUBJECT ADDED ENTRY--TOPICAL TERM |
| Topical term or geographic name as entry element |
Terminally ill parents |
| Form subdivision |
Comic books, strips, etc. |
| 9 (RLIN) |
6442591 |
| 650 #0 - SUBJECT ADDED ENTRY--TOPICAL TERM |
| Topical term or geographic name as entry element |
Death |
| Form subdivision |
Comic books, strips, etc. |
| 9 (RLIN) |
5687316 |
| 650 #0 - SUBJECT ADDED ENTRY--TOPICAL TERM |
| Topical term or geographic name as entry element |
Grief |
| Form subdivision |
Comic books, strips, etc. |
| 9 (RLIN) |
6432301 |
| 655 #0 - INDEX TERM--GENRE/FORM |
| Genre/form data or focus term |
Young adult literature. |
| 9 (RLIN) |
5700578 |
| 655 #7 - INDEX TERM--GENRE/FORM |
| Genre/form data or focus term |
Graphic novels. |
| Source of term |
lcgft |
| 655 #7 - INDEX TERM--GENRE/FORM |
| Genre/form data or focus term |
Autobiographical comics. |
| Source of term |
lcgft |
| 9 (RLIN) |
5724238 |
| 655 #7 - INDEX TERM--GENRE/FORM |
| Genre/form data or focus term |
Biographical comics. |
| Source of term |
lcgft |
| 9 (RLIN) |
5769185 |
| 655 #7 - INDEX TERM--GENRE/FORM |
| Genre/form data or focus term |
Nonfiction comics. |
| Source of term |
lcgft |
| 9 (RLIN) |
5724240 |
| 655 #7 - INDEX TERM--GENRE/FORM |
| Genre/form data or focus term |
Domestic comics. |
| Source of term |
lcgft |
| 9 (RLIN) |
6428866 |
| 655 #7 - INDEX TERM--GENRE/FORM |
| Genre/form data or focus term |
Comics (Graphic works) |
| Source of term |
lcgft |
| 9 (RLIN) |
5689343 |
| 942 ## - ADDED ENTRY ELEMENTS (KOHA) |
| Source of classification or shelving scheme |
Dewey Decimal Classification |
| Koha item type |
BOOK |